Normal view
MARC view
- Yildirim, Ali Galip
Entry Personal Name
001 - CONTROL NUMBER
- control field: 110971
003 - CONTROL NUMBER IDENTIFIER
- control field: NUST
005 - DATE AND TIME OF LATEST TRANSACTION
- control field: 20230321154250.0
008 - FIXED-LENGTH DATA ELEMENTS
- fixed length control field: 230321|| aca||aabn | a|a d
040 ## - CATALOGING SOURCE
- Original cataloging agency: NUST
- Transcribing agency: NUST
100 ## - HEADING--PERSONAL NAME
- Personal name: Yildirim, Ali Galip
670 ## - SOURCE DATA FOUND
- Source citation: Work cat.: (NUST): Yildirim, Ali Galip, Guidance Control of a Missile with Noisy Inertial Sensors /, 2010.
